01120cam a2200313 i 450000100090000000300040000900500170001300800410003001000170007102000420008803500130013004000280014304200080017105000230017908200170020210000380021924500920025726400490034930000230039833600260042133700280044733800270047550400670050263000140056965000300058365000270061365000190064077601470065919484680OSt20260317121337.0170207s2017 ilu b 001 0 eng  a 2017005123 a9780830851591qhardcover : alk. paper a19484680 aDLCbengcDLCerdadDLC apcc00aBR110b.J5584 201700a261.5/612231 aJohnson, Eric L.,d1956-eauthor.10aGod & soul care :bthe therapeutic resources of the Christian faith /cEric L. Johnson. 1aDowners Grove :bInterVarsity Press,c[2017] a717 pages ;c24 cm atextbtxt2rdacontent aunmediatedbn2rdamedia avolumebnc2rdacarrier aIncludes bibliographical references (pages 645-701) and index.00aTheology. 0aChristianityxPsychology. 0aPsychology, Religious. 0aPsychotherapy.08iOnline version:aJohnson, Eric L., 1956- author.tGod and soul caredDowners Grove : InterVarsity Press, 2017z9780830891610w(DLC) 2017013117